000 01074nam a2200241Ia 4500
003 OSt
005 20211206124119.0
008 210310s1989 ck gr 000 0 spa d
020 _a9589008402
040 _aCO-JMCR
_cCO-JMCR
041 _aspa
082 0 4 _a336.3435 /
_bL434c
_223
100 1 _aLeader, W.
_eautor
_929359
245 1 0 _aComo pagar la deuda y crecer /
_cW. Leader
260 _aBogotá :
_bPresencia,
_c1989.
300 _a33 páginas ;
_c22 cm.
505 0 _aFunción transaccional. -- Función deposito de valor. -- Función Unidad de valor. -- Función especulación.
520 0 _aEn Cómo Pagar la Deuda y Crecer, W. LEADER demuestra la capacidad de América Latina para crecer con capitales y recursos propios. Desde las primeras páginas de esta obra se plantean, los mecanismos y herramientas para dinamizar el comercio del área con los productos y monedas nacionales latinoamericanas.
650 1 4 _aLa política monetaria
_937524
650 2 4 _aBancos y banca
_938633
650 2 4 _aBancos y banca, Internacional
_941734
942 _2ddc
_cBK
999 _c12839
_d12839